000
00401nam a22001697a 4500
003
MPLRDC
005
20220104143400.0
008
210129b ||||| |||| 00| 0 eng d
082
_a
448.8 ZSY
100
_a
张始元编
245
_a
无线电基础知识
_c
250
_a
六版
260
_a
_b
香港上海书局
_c
1977
300
_b
平
650
_a
无线电工学
942
_c
BK
_o
448.8 ZSY
999
_c
39350
_d
39340